Tilastot visalle Liput, joissa on eniten raitoja

Klikkaa tästä pelataksesi tätä visaa!

Yleistilastot

  • Tätä visaa on pelattu 1 675 kertaa
  • Keskiarvotulos 5 / 7

Vastaustilastot

Vastaus% Oikein
Yhdysvallat
99%
Kreikka
98%
Uruguay
82%
Malesia
73%
Uganda
70%
Liberia
59%
Zimbabwe
53%

Tulosjakauma

Persentiili vastausten määrän mukaan

Jokaisen tuloksen saaneiden osuus

Tuloshistoriasi

Et ole pelannut tätä visaa